000 00273nam a22001217a 4500
008 190311b xxu||||| |||| 00| 0 eng d
041 _aeng
080 _a371
100 _a46
101 _aEDU
245 _aEnglish Gramar and Composition
_cWarriner,J.E
942 _2udc
_cBK
999 _c54668
_d54668